000 00208 a2200097 4500
001 29116
100 _aShervani H K
245 _aMuslim Colonics in France
260 _a
_bM Ashraf
_c
090 _c19444
_d19444
942 _aNUST-CAE
_cM
_c10496
999 _c264189
_d264189